[Event "Milan SSM op-B 08"]
[Site "Milan"]
[Date "2015.08.02"]
[Round "3"]
[White "Bonghi, Fabrizio"]
[Black "Pedroli, Marco"]
[Result "0-1"]
[WhiteElo "1481"]
[BlackElo "1592"]
[PlyCount "80"]
[EventDate "2015.07.31"]
[EventType "swiss"]
[EventRounds "7"]
[EventCountry "ITA"]
[SourceTitle "EXT 2022"]
[Source "ChessBase"]
[SourceDate "2021.10.06"]
[SourceVersion "1"]
[SourceVersionDate "2021.10.06"]
[SourceQuality "1"]

1. d4 d5 2. Bf4 e6 3. e3 Nf6 4. Nf3 c5 5. Bb5+ Bd7 6. Bxd7+ Nbxd7 7. 0-0 Be7 8. Nbd2 c4 9. c3 0-0 10. b3 Rc8 11. bxc4 dxc4 12. e4 b5 13. e5 Nd5 14. Be3 Nxc3 15. Qc2 Nd5 16. Ne4 Nxe3 17. fxe3 Nb6 18. Ng3 Nd5 19. Qf2 Bg5 20. Nxg5 Qxg5 21. Rae1 f5 22. Qf3 g6 23. Rf2 a5 24. e4 fxe4 25. Nxe4 Rxf3 26. Nxg5 Rxf2 27. Kxf2 Re8 28. Re4 h6 29. Nf3 Rf8 30. Rg4 Kg7 31. h4 Rf4 32. Rg3 c3 33. Ke1 b4 34. Kd1 a4 35. h5 g5 36. Kc2 Ne3+ 37. Kc1 b3 38. axb3 axb3 39. Ne1 Nd5 40. Rf3 Rxd4 0-1

[Event "Milan SSM op-B 08"]
[Site "Milan"]
[Date "2015.08.02"]
[Round "4"]
[White "Bossoni, Alessandra"]
[Black "Bonghi, Fabrizio"]
[Result "1-0"]
[WhiteElo "1456"]
[BlackElo "1481"]
[PlyCount "47"]
[EventDate "2015.07.31"]
[EventType "swiss"]
[EventRounds "7"]
[EventCountry "ITA"]
[SourceTitle "EXT 2022"]
[Source "ChessBase"]
[SourceDate "2021.10.06"]
[SourceVersion "1"]
[SourceVersionDate "2021.10.06"]
[SourceQuality "1"]

1. e4 c5 2. Nf3 d6 3. d4 cxd4 4. Nxd4 Nf6 5. Nc3 g6 6. Be3 Bg7 7. h3 a6 8. a3 0-0 9. Qd2 Nbd7 10. Be2 Nc5 11. f3 e5 12. Nb3 Nxb3 13. cxb3 Be6 14. Bc4 Bxc4 15. bxc4 Nh5 16. g4 Nf6 17. h4 Qe7 18. h5 Nd7 19. Bh6 Nc5 20. Bxg7 Kxg7 21. hxg6 fxg6 22. Qh6+ Kg8 23. Nd5 Qf7 24. Nf6+ 1-0